000 00725nam a2200217 a 4500
001 000011142
005 20240412074223.0
008 091014s1970 dr a 001 p spa d
040 _aDO-SdBNP
_bspa
_cBNPHU
082 _aRD861.44
_bS587d
100 1 _aSilvia, Ana
_926654
245 1 3 _aEl despertar de las espigas /
_cAna Silvia ; prólogo José Espaillat R.
260 _aSanto Domingo :
_bUASD,
_c1970.
300 _a42 p. :
_bil. ;
_c21 cm.
590 _aInventariado, 2019 / DG
650 0 _aPoesía dominicana
_966
650 0 _aLiteratura dominicana.
_967
700 1 _aEspaillat R., José,
_epról.
_926655
710 1 _aUniversidad Autónoma de Santo Domingo
_972951
910 _aValidado. control de calidad MMOLINA
999 _c10867
_d10867